| 000 | 00945nam a2200277 a 4500 | ||
|---|---|---|---|
| 001 | 000016419 | ||
| 003 | DO-SdBNP | ||
| 005 | 20230719115503.0 | ||
| 008 | 100305s2009 dr 000 f spa d | ||
| 020 | _a9789945866735 | ||
| 040 |
_aDO-SdBNP _bspa _cBNPHU |
||
| 082 | 4 |
_aCh863.44 _bL177m _222 |
|
| 100 | 1 |
_aLagos Ossa, Sergio, _d1961- _936598 |
|
| 245 | 1 | 0 |
_aMi hebilla brillaba en cada baile / _cSergio Lagos Ossa ; edición Vivian Lechuga. |
| 260 |
_aSanto Domingo : _bCasa de Teatro, _c2009. |
||
| 300 |
_a191 p. ; _c21 cm. |
||
| 500 | _aIncluye datos biográficos del autor en las solapas | ||
| 500 | _aIncluye notas al pie de las páginas | ||
| 586 | _aPremio Internacional de Novela Casa de Teatro 2009 | ||
| 590 | _aInventariado, 2023/MFF | ||
| 650 | 4 |
_aNovela chilena _93163 |
|
| 650 | 4 |
_aLiteratura chilena _93164 |
|
| 700 | 1 |
_aLechuga, Vivian, _eed. _910977 |
|
| 910 | _aValidado. Control de calidad MFF | ||
| 942 |
_2ddc _cLBS1 |
||
| 999 |
_c15954 _d15954 |
||